Modely používané pri medzilaboratórnych skúškach a porovnávaní

Opis štatistického modelu pri vyhodnotení medzilaboratórnych skúšok a porovnávaní spolu s postupom získania odhadov mier presnosti. Možné variácie a genéza modelov so zložitejšou štruktúrou. Model experimentu presnosti. Model s rozdelenými úrovňami. Model so vzorkou z heterogénneho materiálu.

Na minha lista:
Detalhes bibliográficos
Autor principal: Horníková, Adriana
Formato: Capítulo de Livro
Idioma:eslovaco
Assuntos:
Tags: Adicionar Tag
Sem tags, seja o primeiro a adicionar uma tag!

MARC

LEADER 00000naa$a2200000$$$4500
001 0072128
005 20240502071844.7
041 0 |a slo 
044 |a SK 
245 1 0 |a Modely používané pri medzilaboratórnych skúškach a porovnávaní  |c Adriana Horníková 
520 |a Opis štatistického modelu pri vyhodnotení medzilaboratórnych skúšok a porovnávaní spolu s postupom získania odhadov mier presnosti. Možné variácie a genéza modelov so zložitejšou štruktúrou. Model experimentu presnosti. Model s rozdelenými úrovňami. Model so vzorkou z heterogénneho materiálu. 
610 2 0 |a modely štatistické 
610 2 0 |a meranie 
610 2 0 |a normy 
610 2 0 |a experimenty 
100 1 |a Horníková, Adriana